Statystyki dla Wszystkie Filmy o Super Bohaterach

Kliknij tutaj aby rozwiązać quiz!

Ogólne statystyki

  • Ten quiz został rozwiązany 1 806 razy
    (930 od ostatniego zresetowania)
  • Średni wynik to 34 z 89

Statystyki odpowiedzi

Rok PremieryUniwersumTytuł% Poprawnych
1989DCBatman
93%
2002MarvelSpiderman
93%
2008MarvelIronman
87%
2012MarvelAvengers
81%
1978DCSuperman
81%
2011MarvelCaptain America: Pierwsze Starcie
80%
2011MarvelThor
79%
2003MarvelHulk
76%
2010MarvelIronman 2
74%
2013MarvelIronman 3
73%
2004MarvelSpiderman 2
70%
2007MarvelSpiderman 3
68%
2019MarvelAvengers: Koniec Gry
65%
2021MarvelCzarna Wdowa
65%
2015MarvelAvengers: Czas Ultrona
64%
2018MarvelAvengers: Wojna bez Granic
58%
2018MarvelCzarna Pantera
58%
2017MarvelSpiderman: Homecoming
57%
2017MarvelThor: Ragnarok
57%
2015MarvelAnt-Man
56%
2012MarvelNiesamowity Spiderman
55%
2016MarvelDoktor Strange
54%
2014MarvelStrażnicy Galaktyki
54%
2017DCWonder Woman
54%
2014MarvelKapitan Ameryka: Zimowy Żołnierz
52%
2019DCJoker
50%
2008DCMroczny Rycerz
49%
2014MarvelNiesamowity Spiderman 2
49%
2016MarvelKapitan Ameryka: Wojna Bohaterów
48%
2017MarvelStrażnicy Galaktyki vol. 2
48%
2019MarvelKapitan Marvel
47%
2017DCLiga Sprawiedliwości
47%
2013MarvelThor: Mroczny Świat
47%
2000MarvelX-Men
45%
2018MarvelAnt-Man i Osa
44%
2018DCAquaman
44%
1980DCSuperman II
43%
1983DCSuperman III
41%
2016MarvelDeadpool
39%
2008MarvelNiesamowity Hulk
39%
2019MarvelSpider-Man: Far from Home
37%
2016DCBatman vs Superman: Świt Sprawiedliwości
36%
1997DCBatman i Robin
35%
2016DCLegion Samobójców
35%
1987DCSuper Man IV
35%
2018MarvelDeadpool 2
34%
2005MarvelFantastyczna Czwórka
34%
2018MarvelVenom
33%
2011DCGreen Lantern
32%
2012DCMroczny Rycerz Powstaje
32%
2003MarvelX-Men 2
32%
2005DCBatman: Początek
31%
2013DCCzłowiek ze Stali
31%
2013MarvelWolverine
31%
2021MarvelEternals
29%
2015MarvelFant4styczna Czwórka
29%
2021MarvelVenom 2: Carnage
25%
2006MarvelX-Men: Ostatni Bastion
25%
2019DCShazam!
23%
2017MarvelLogan
22%
1995DCBatman Forever
21%
2003MarvelDaredevil
21%
2004DCCatwoman
20%
1992DCPowrót Batmana
19%
2011MarvelX-Men: Pierwsza Klasa
18%
1998MarvelBlade
17%
2007MarvelFantastyczna Czwórka: Narodziny Srebrnego Surfera
17%
2021DCWonder Woman 1984
17%
2020DCPtaki Nocy
16%
2004MarvelPunisher
16%
2007MarvelGhostrider
15%
2019MarvelX-Men Dark Phoenix
14%
2002MarvelBlade 2
13%
2019Dark Horse ComicsHellboy
13%
2004Dark Horse ComicsHellboy
13%
2016MarvelX-Men: Apocalypse
13%
2009MarvelX-Men Geneza: Wolverine
13%
2014MarvelX-Men: Przeszłość, która Nadejdzie
13%
2004MarvelBlade: Trójca
11%
2011MarvelGhostrider 2
11%
2006DCSuperman: Powrót
11%
2005MarvelElektra
10%
2019Image ComicsSpawn
10%
1997Image ComicsSpawn
10%
2021MarvelMorbius
9%
2008Dark Horse ComicsHellboy 2: Złota Armia
7%
2008MarvelPunisher: Strefa Wojny
7%
1997DCSteel
7%
2009DCWatchmen: Strażnicy
7%

Rozkład punktacji

Percentyl według liczby udzielonych odpowiedzi

Procent ludzi z każdym wynikiem

Twoja historia wyników

Nie rozwiązałeś tego quizu od ostatniego zresetowania